| 000 | 01067nam a2200229Ia 4500 | ||
|---|---|---|---|
| 003 | OSt | ||
| 005 | 20211011082509.0 | ||
| 008 | 210310s1988 ck ad gr 000 0 spa d | ||
| 040 |
_aCO-JMCR _cCO-JMCR |
||
| 041 | 0 | _aspa | |
| 082 | 0 | 4 |
_a338.17373 / _bF293f _223 |
| 110 | 2 |
_aFederación Nacional de Cafeteros de Colombia _eautor _936376 |
|
| 245 | 1 | 0 |
_aLa federación ante el congreso / _cFederación Nacional de Cafeteros de Colombia |
| 260 |
_aBogotá : _bArfo, _c1988. |
||
| 300 |
_a114 páginas : _bilustraciones y gráficas en blanco y negro ; _c24 cm. |
||
| 501 | _aCon: notas a pie de página. | ||
| 505 | 0 | _aManejo externo de la política cafetera externa e interna. -- Política de comercialización externa e interna del café. --Evolución financiera fondo nacional del café periodo 1975/1976-1987/1988. -- Labor social de la federación nacional de cafeteros. | |
| 650 | 1 | 4 |
_aPolítica cafetera _zColombia _940955 |
| 650 | 2 | 4 |
_aPolítica cafetera _xExterna _zColombia _941059 |
| 650 | 2 | 4 |
_aPolítica cafetera _xInterna _zColombia _941060 |
| 942 |
_2ddc _cBK |
||
| 999 |
_c12647 _d12647 |
||